[Event "London MSO Masters"]
[Site "London"]
[Date "1999.08.27"]
[Round "7"]
[White "Rahman, Ziaur"]
[Black "Cobb, James"]
[Result "0-1"]
[WhiteElo "2461"]
[BlackElo "2349"]

1.c4 e5 2.g3 Nf6 3.Bg2 Nc6 4.Nc3 Bc5 5.e3 d5 6.cxd5 Nb4 7.d4 exd4 8.exd4 Be7
9.Nf3 O-O 10.O-O Nbxd5 11.Qb3 c6 12.Re1 Qb6 13.Qc2 Re8 14.a3 h6 15.Bd2 Be6
16.Na4 Qc7 17.Nc5 Bg4 18.h3 Bh5 19.Nh4 Nd7 20.Nd3 Bxh4 21.Bxd5 Bxg3 22.fxg3 Qxg3+
23.Bg2 Bg6 24.Rxe8+ Rxe8 25.Re1 Rxe1+ 26.Bxe1 Qxd3 27.Qxd3 Bxd3 28.d5 Bb5
29.b3 cxd5 30.Bxd5 Bc6 31.Bc4 b5 32.Be2 f6 33.Bf2 a6 34.a4 Kf7 35.axb5 axb5
36.Bd4 g5 37.Bg4 Ne5 38.Kf2 Kg6 39.Ke3 h5 40.Be2 h4 41.Bxe5 fxe5 42.b4 Kf6
43.Bf1 Kf5 44.Bd3+ e4 45.Be2 Ke5 46.Bf1 Bd7 47.Bg2 Bf5 48.Bf1 Kd5 49.Bxb5 Bxh3
50.Be2 Bf5 51.Bf1 h3 52.Kf2 g4 53.Kg3 e3  0-1

[Event "ESP-ch"]
[Site "Palencia"]
[Date "1999.08.27"]
[Round "9"]
[White "Lopez Martinez, Jose Manuel"]
[Black "De la Villa Garcia, Jesus Maria"]
[Result "1-0"]
[WhiteElo "2378"]
[BlackElo "2473"]

1.c4 e5 2.g3 f5 3.Bg2 Nf6 4.Nf3 Nc6 5.O-O d6 6.Nc3 Be7 7.d4 O-O 8.e3 Qe8
9.b3 e4 10.Nd2 Ng4 11.Ba3 Rf7 12.Nd5 Bg5 13.Nb1 Nd8 14.Nbc3 c6 15.Nf4 Be7
16.h3 Nf6 17.d5 c5 18.Bb2 Bf8 19.h4 Ng4 20.Qe2 Re7 21.Nb5 Nf7 22.Ne6 Bxe6
23.dxe6 Rxe6 24.Nc7 Qc8 25.Nxa8 Qxa8 26.Bh3 h5 27.Rad1 g6 28.Rd5 Qe8 29.Rfd1 b6
30.Bxg4 fxg4 31.a3 a5 32.Bc3 Bg7 33.Bxg7 Kxg7 34.b4 axb4 35.axb4 Qe7 36.bxc5 bxc5
37.Rb1 Qf6 38.Rb7 Re7 39.Rb6 Ra7 40.Rd1 Ra1 41.Rb7 Rxd1+ 42.Qxd1 Qe6 43.Qa1+ Qf6
44.Qa4 Qe6 45.Rb8 Ne5 46.Qa7+ Nf7 47.Qa6 Kf6 48.Rb6 Kf5 49.Rc6 g5 50.hxg5 Kxg5
51.Rxc5+ Kg6 52.Rd5 h4 53.gxh4 Qf6 54.c5 Qxh4 55.Rxd6+  1-0

[Event "Coulsden op"]
[Site "Coulsden"]
[Date "1999.08.28"]
[Round "1"]
[White "Webster, Andrew"]
[Black "Dunworth, Christopher"]
[Result "1-0"]
[WhiteElo "2427"]
[BlackElo "2308"]

1.c4 e5 2.g3 h5 3.h4 d5 4.cxd5 Qxd5 5.Nf3 Bg4 6.Nc3 Qe6 7.Bg2 Nc6 8.Ng5 Qc8
9.Rb1 f6 10.Nge4 Nh6 11.d3 Nf7 12.Be3 Be7 13.Nd5 O-O 14.Bc5 Bxc5 15.Nxc5 Re8
16.Ne3 Be6 17.Qa4 Nfd8 18.Nxe6 Nxe6 19.Bxc6 bxc6 20.Qxc6 Nd4 21.Qc4+ Kf8
22.Kd2 c6 23.Rhc1 g6 24.Nc2 Qg4 25.Nxd4 exd4 26.f3 Qxg3 27.Qxd4 Re6 28.Rg1 Qh2
29.Rxg6 Qxe2+ 30.Kc3 Rb8 31.b3 c5 32.Rxf6+ Rxf6 33.Qxf6+ Ke8 34.Rg1  1-0

[Event "BIH-chT"]
[Site "Bihac"]
[Date "1999.08.29"]
[Round "9"]
[White "Cekro, Ekrem"]
[Black "Tutic, Resad"]
[Result "1/2-1/2"]
[WhiteElo "2398"]
[BlackElo "2270"]

1.c4 e5 2.g3 Nf6 3.Bg2 Nc6 4.Nc3 Bb4 5.Nd5 Nxd5 6.cxd5 Nb8 7.Nf3 Qe7 8.O-O O-O
9.e4 d6 10.d4 Ba5  1/2-1/2

[Event "JUG-chT playoff"]
[Site "Vrnjacka Banja"]
[Date "1999.08.31"]
[Round "3"]
[White "Damljanovic, Branko"]
[Black "Nikcevic, Nebojsa"]
[Result "1/2-1/2"]
[WhiteElo "2554"]
[BlackElo "2466"]

1.c4 e5 2.g3 f5 3.Bg2 Nf6 4.Nf3 d6 5.Nc3 Be7 6.O-O O-O 7.d4 e4 8.Ng5 c6 9.Nh3 d5
10.cxd5 cxd5 11.Bg5 Nc6 12.Nf4 Ne8 13.Bxe7 Nxe7 14.Qb3 Nf6 15.f3 g5 16.Nh3 h6
17.fxe4 fxe4 18.Nf2 Kg7 19.e3 a5 20.Rac1 Ra6 21.Na4 Rc6 22.Rxc6 bxc6 23.Nc5 h5
24.Qb8 Nf5 25.Re1 Qe7 26.Qb6 Qd6 27.Qxa5 h4 28.g4 Nh6 29.Ncxe4 Nxe4 30.Nxe4 Qb8
31.h3 Bxg4 32.Qc5 dxe4 33.hxg4 Qg3 34.Qxg5+ Kh7 35.Qe7+ Kg8 36.Qg5+ Kh7 37.Qe7+  1/2-1/2

[Event "SoLett op"]
[Site "Skelleftea"]
[Date "1999.09.02"]
[Round "5"]
[White "Karlsson, Lars"]
[Black "Malmstig, Erik"]
[Result "1-0"]
[WhiteElo "2470"]
[BlackElo "2270"]

1.g3 e5 2.c4 d6 3.Nc3 f5 4.d4 Nd7 5.Nf3 e4 6.Ng5 Ndf6 7.h4 g6 8.Nh3 Nh6 9.Bg5 Nf7
10.Nf4 Bg7 11.Bxf6 Bxf6 12.e3 c6 13.Qc2 O-O 14.O-O-O Re8 15.Be2 a6 16.c5 dxc5
17.dxc5 Qe7 18.Bc4 Kg7 19.Na4 Ne5 20.Bb3 Rb8 21.Kb1 Nd3 22.h5 Rd8 23.hxg6 hxg6
24.Nxd3 exd3 25.Rxd3 Rxd3 26.Qxd3 f4 27.Bc2 Bf5 28.e4 Rd8 29.Qf3 Rd4 30.exf5 Rxa4
31.fxg6 Kf8 32.Bxa4 Qe5 33.g7+ Kxg7 34.Qg4+ Kf8 35.Qc8+  1-0

[Event "SoLett op"]
[Site "Skelleftea"]
[Date "1999.09.02"]
[Round "5"]
[White "Wedberg, Tom"]
[Black "Furhoff, Johan"]
[Result "1/2-1/2"]
[WhiteElo "2487"]
[BlackElo "2281"]

1.c4 e5 2.g3 Nc6 3.Bg2 g6 4.Nc3 Bg7 5.e3 d6 6.Nge2 f5 7.d4 Nf6 8.b4 a6 9.Rb1 O-O
10.O-O g5 11.a4 Qe8 12.Nd5 Nxd5 13.cxd5 Ne7 14.dxe5 dxe5 15.Qb3 Kh8 16.f4 gxf4
17.exf4 e4 18.Bb2 Qf7 19.Bxg7+ Kxg7 20.Rfd1 Kg8 21.Nd4 Rd8 22.Ne6 Bxe6 23.dxe6 Qf6
24.g4 fxg4 25.Bxe4 Qxf4 26.Bxb7 Rxd1+ 27.Rxd1 Rf8 28.Bxa6 Qf2+ 29.Kh1 Rf3
30.Qc4 Rf4 31.Qd3 Rxb4 32.Qd8+ Qf8 33.Qxf8+ Kxf8 34.Ra1 c5 35.Bd3 h5 36.a5 Rb7
37.a6 Ra7 38.Be4 Nc8 39.Bg6 h4 40.Kg2 Nd6 41.Bh5 g3 42.hxg3 hxg3 43.Kxg3 Ke7
44.Bg4 c4 45.Kf4 c3 46.Ke5 c2 47.Be2 Nc8 48.Rc1 Rc7 49.Bd3 Rc5+ 50.Kd4 Rc6
51.Bc4 Nd6 52.Bd5 Nb5+ 53.Kd3 Rxa6 54.Rxc2 Rxe6  1/2-1/2

[Event "SoLett op"]
[Site "Skelleftea"]
[Date "1999.09.04"]
[Round "8"]
[White "Ziegler, Ari"]
[Black "Brynell, Stellan"]
[Result "0-1"]
[WhiteElo "2404"]
[BlackElo "2488"]

1.c4 e5 2.g3 Nf6 3.Bg2 c6 4.Nf3 e4 5.Nd4 d5 6.cxd5 Qxd5 7.Nc2 Qh5 8.h3 Na6
9.Nc3 Qg6 10.O-O Bd6 11.Ne3 O-O 12.a3 Re8 13.Qc2 Bd7 14.b4 Nc7 15.Bb2 h5
16.Nc4 Bf8 17.Nd1 Ncd5 18.Ne5 Qf5 19.Nxd7 Qxd7 20.Nc3 h4 21.Nxd5 Nxd5 22.e3 Bd6
23.g4 Qe6 24.d3 exd3 25.Qxd3 a6 26.Bxd5 cxd5 27.Bd4 Rac8 28.Rad1 Rc4 29.Rd2 Bc7
30.Rfd1 Qd6 31.Qf5 Qh2+ 32.Kf1 Qxh3+ 33.Ke2 Rc6 34.Ba1 Bb6 35.Qf3 Qh2 36.Kf1 Rce6
37.Rxd5 Bxe3 38.Rd7 Bf4 39.Rxb7 h3 40.Bd4 Qg1+  0-1

[Event "CRO-chT"]
[Site "Pula"]
[Date "1999.09.11"]
[Round "3"]
[White "Komljenovic, Davor"]
[Black "Jovanovic, Sasa D"]
[Result "1-0"]
[WhiteElo "2476"]
[BlackElo "2354"]

1.c4 e5 2.g3 Nc6 3.Bg2 g6 4.Nc3 Bg7 5.e3 d6 6.Nge2 h5 7.h3 f5 8.d4 h4 9.d5 Nce7
10.g4 fxg4 11.Ne4 gxh3 12.Bxh3 Bxh3 13.Rxh3 Nf5 14.N2c3 Ngh6 15.Kd2 Nf7 16.Qg4 Rh6
17.b3 Qd7 18.Bb2 O-O-O 19.Rg1 Rg8 20.a4 Rgh8 21.a5 Ne7 22.Qe6 Nd8 23.Qxd7+ Kxd7
24.a6 Rf8 25.Ke2 bxa6 26.Ra1 Nf7 27.Rxa6 Rb8 28.Nb5 Nc8 29.Rc6 Rb7 30.f4 Ne7
31.Ra6 Nf5 32.Rxa7 Rxa7 33.Nxa7 exf4 34.Bxg7 Nxg7 35.exf4 Rh8 36.Nc6 Nf5
37.Nf6+ Kc8 38.b4 Nd8 39.b5 Ng3+ 40.Kf3 Rf8 41.Ne4 Nf5 42.Rh2 Nxc6 43.dxc6 Nd4+
44.Ke3 Nf5+ 45.Kd3 Kb8 46.Nc3 Re8 47.Nd5 Re1 48.Ra2 Rd1+ 49.Kc3 Rc1+ 50.Kd2 Rg1
51.Ra3 Rg3 52.Ra6 Rg2+ 53.Ke1 Nd4 54.b6  1-0

[Event "Paks 09 GM"]
[Site "Paks"]
[Date "1999.09.26"]
[Round "6"]
[White "Vaulin, Alexander"]
[Black "Rogic, Davor"]
[Result "1-0"]
[WhiteElo "2492"]
[BlackElo "2505"]

1.c4 e5 2.g3 Nf6 3.Bg2 d5 4.cxd5 Nxd5 5.Nf3 Nc6 6.O-O Nb6 7.d3 Be7 8.a3 g5
9.b4 g4 10.Nfd2 h5 11.Bb2 h4 12.b5 Nd4 13.e3 Nf5 14.Bxe5 Bf6 15.d4 Bxe5 16.dxe5 hxg3
17.hxg3 Nd7 18.Qxg4 Nxe5 19.Qe4 Qe7 20.Nc3 Nd6 21.Qf4 c6 22.bxc6 bxc6 23.Rfd1 Bg4
24.Bxc6+ Nxc6 25.Qxg4 Ne5 26.Qf4 Rc8 27.Nde4 Ndc4 28.Kg2 Rc6 29.Rh1 Rf8 30.Nd5 Qe6
31.Nef6+ Kd8 32.Rab1 Kc8 33.Qd4 Rc7 34.Nxc7 Qxf6 35.Nd5 Qf3+ 36.Kg1 Kd7 37.Rb7+ Kc6
38.Rc7+ Kd6 39.Qc5+ Ke6 40.Qe7+ Kf5 41.Qf6+  1-0

[Event "Budapest FS10 GM"]
[Site "Budapest"]
[Date "1999.10.03"]
[Round "2"]
[White "Vaulin, Alexander"]
[Black "Senff, Martin"]
[Result "1-0"]
[WhiteElo "2492"]
[BlackElo "2346"]

1.c4 e5 2.g3 Nc6 3.Bg2 f5 4.Nc3 Nf6 5.d3 Bb4 6.Qd2 O-O 7.a3 Bxc3 8.Qxc3 d6
9.Nf3 Qe8 10.Bg5 Kh8 11.Bxf6 Rxf6 12.d4 f4 13.d5 Ne7 14.Ng5 Qh5 15.h4 fxg3
16.fxg3 Bg4 17.Qd3 Raf8 18.Rf1 Nf5 19.Ne6 R8f7 20.Ng5 Rf8 21.Ne6 Rc8 22.Rf2 Qh6
23.Be4 Ne7 24.Ng5 Rcf8 25.Rxf6 gxf6 26.Ne6 Bxe6 27.dxe6 b6 28.Bf5 Qh5 29.g4 Qxh4+
30.Kd2 Rg8 31.Rf1 Rxg4 32.Bxg4 Qxg4 33.Rh1 f5 34.Kc3 Ng6 35.e3 Kg7 36.Kb4 Qg2
37.Qb1 Kf6 38.Rxh7 Qd2+ 39.Kb5 Qa5+ 40.Kc6 Ne7+  1-0

[Event "Budapest FS10 GM"]
[Site "Budapest"]
[Date "1999.10.05"]
[Round "4"]
[White "Narciso Dublan, Marc"]
[Black "Fogarasi, Tibor"]
[Result "1/2-1/2"]
[WhiteElo "2447"]
[BlackElo "2420"]

1.c4 e5 2.g3 Nc6 3.Bg2 g6 4.Nc3 Bg7 5.e3 d6 6.Nge2 Nge7 7.O-O O-O 8.d3 Bd7
9.Bd2 Qc8 10.Nd5 Nxd5 11.cxd5 Ne7 12.Rc1 c6 13.Re1 Bh3 14.Bh1 Qd7 15.dxc6 Nxc6
16.Nc3 Nb4 17.Qe2 Bg4 18.Qf1 Bh3 19.Qe2 Bg4 20.Qf1 Bh3  1/2-1/2

[Event "Seeburg op 1st"]
[Site "Lucern"]
[Date "1999.10.08"]
[Round "1"]
[White "Zueger, Beat"]
[Black "Weber, Winfried"]
[Result "1-0"]
[WhiteElo "2434"]
[BlackElo "2085"]

1.c4 e5 2.g3 Nf6 3.Bg2 c6 4.d4 Bb4+ 5.Bd2 Bxd2+ 6.Qxd2 e4 7.Nc3 d5 8.e3 O-O
9.Nge2 Bg4 10.cxd5 cxd5 11.h3 Bf3 12.Bxf3 exf3 13.Ng1 Ne4 14.Qc2 Nxc3 15.bxc3 Qf6
16.Qd1 Nd7 17.Nxf3 Rfc8 18.Rc1 Rc6 19.O-O Rac8 20.Kg2 Rxc3 21.Rxc3 Rxc3 22.Qa4 Qc6
23.Qxa7 f6 24.Qa8+ Kf7 25.Rb1 b6 26.Qxc6 Rxc6 27.Ne1 Rc3 28.Rb3 Rxb3 29.axb3 Nb8
30.Kf3 Nc6 31.Nd3 Ke6 32.Ke2 g5 33.g4 h6 34.Kd2 Kd6 35.Kc3  1-0

[Event "Asia-chT"]
[Site "Shenyang"]
[Date "1999.10.12"]
[Round "4"]
[White "Ghaem Maghami, Eshan"]
[Black "Liu Dede"]
[Result "1/2-1/2"]
[WhiteElo "2373"]
[BlackElo "2388"]

1.c4 e5 2.g3 d5 3.Bg2 Nf6 4.cxd5 Nxd5 5.Nc3 Nb6 6.Nf3 Nc6 7.O-O Be7 8.d3 O-O
9.a3 f5 10.b4 Bf6 11.Bb2 Kh8 12.Nd2 Nd4 13.e3 Ne6 14.Nb3 c6 15.Rc1 Qe7 16.Qe2 Bd7
17.Na5 Be8 18.Nb1 Rd8 19.Nd2 a6 20.Ndc4 Nxc4 21.Nxc4 Nc7 22.Rfd1 Bg6 23.f4 exf4
24.Bxf6 gxf6 25.gxf4 Rg8 26.Kh1 Nd5 27.Qf3 Rde8 28.Re1 Qg7 29.Bh3 Re6 30.e4 Rge8
31.Qg3 Ne7 32.Ne3 Rd6 33.Nxf5  1/2-1/2

[Event "BUL-GRE (Women)"]
[Site "Corfu"]
[Date "1999.10.15"]
[Round "4"]
[White "Voiska, Margarita"]
[Black "Botsari Miladinovic, Anna Maria"]
[Result "1/2-1/2"]
[WhiteElo "2369"]
[BlackElo "2309"]

1.c4 e5 2.g3 Nf6 3.Bg2 d5 4.cxd5 Nxd5 5.Nf3 Nc6 6.O-O Be7 7.d4 e4 8.Ne5 f5
9.Nxc6 bxc6 10.Qa4 Qd6 11.Nc3 Nb6 12.Qd1 Bf6 13.Bf4 Qxd4  1/2-1/2

[Event "Wichern op 5th"]
[Site "Hamburg"]
[Date "1999.10.15"]
[Round "1"]
[White "Stanke, Juergen"]
[Black "Mandelbaum, Peter Rene"]
[Result "1-0"]
[WhiteElo "2323"]
[BlackElo "1924"]

1.c4 e5 2.g3 g6 3.Bg2 Bg7 4.Nc3 Ne7 5.Nf3 O-O 6.O-O c5 7.d3 Nbc6 8.Ne1 d6
9.Nc2 f5 10.Ne3 Be6 11.Rb1 f4 12.Ned5 Qd7 13.b4 cxb4 14.Nxb4 Nxb4 15.Rxb4 Nc6
16.Rb1 Bh3 17.Ne4 Bxg2 18.Kxg2 Nd4 19.f3 Nf5 20.Bd2 Rab8 21.g4 Nh6 22.h3 d5
23.cxd5 Qxd5 24.Qa4 a6 25.Rb6 Nf7 26.Rc1 Rfc8 27.Rxc8+ Rxc8 28.Nc3 Qd4 29.Qb3 Rc7
30.Rxb7 Rxb7 31.Qxb7 Ng5 32.Nd5 Nxh3 33.Qc8+ Bf8 34.Qe6+ Kh8 35.Kxh3 Qg1
36.Qxe5+ Kg8 37.Nf6+ Kf7 38.Qe8+ Kg7 39.Nh5+ gxh5 40.Bc3+  1-0

[Event "Wichern op 5th"]
[Site "Hamburg"]
[Date "1999.10.15"]
[Round "1"]
[White "Georgiev, Vladimir"]
[Black "Nixdorf, Andre"]
[Result "1-0"]
[WhiteElo "2519"]
[BlackElo "2019"]

1.c4 e5 2.g3 d6 3.Bg2 g6 4.Nc3 Bg7 5.Rb1 f5 6.d3 Nf6 7.Nf3 O-O 8.O-O Nbd7
9.b4 c6 10.b5 Qc7 11.bxc6 bxc6 12.Ba3 Re8 13.Nd2 Nh5 14.Nb5 cxb5 15.Bxa8  1-0

[Event "Aars get2net Cup GM"]
[Site "Aars"]
[Date "1999.10.17"]
[Round "2"]
[White "Ostenstad, Berge"]
[Black "Mortensen, Erling"]
[Result "1/2-1/2"]
[WhiteElo "2446"]
[BlackElo "2445"]

1.g3 e5 2.c4 Nf6 3.Bg2 d6 4.Nc3 g6 5.e4 Bg7 6.Nge2 O-O 7.O-O Nc6 8.f4 exf4
9.gxf4 Bg4 10.h3 Bxe2 11.Nxe2 Re8 12.d3 a5 13.Be3 a4 14.Qd2 Na5 15.Rab1 c5
16.Rf2 Nc6 17.Rbf1 Qa5 18.Qd1 Nd7 19.Bd2 Qd8 20.Bc3 Nd4 21.Nxd4 Bxd4 22.Bxd4 cxd4
23.Qg4 Kh8 24.Kh1 Ra5 25.Qg3 Rh5 26.Kh2 Nc5 27.Bf3 Rh4 28.Bd1 f5 29.exf5 gxf5
30.Rg1 Rg8 31.Qxg8+ Qxg8 32.Rxg8+ Kxg8 33.Bc2 Kf7 34.Kg3 Rh6 35.Re2 Rg6+
36.Kh2 Rg8 37.Bd1 Kf6 38.Bc2 Ra8 39.Kg3 a3 40.b4 Na6 41.c5 d5 42.b5 Nb4 43.Bb3 Rc8
44.c6 bxc6 45.bxc6 Rxc6 46.Re5 Rc3 47.Bxd5 Rxd3+ 48.Kg2 Rc3 49.Re6+ Kg7 50.Rd6 d3
51.Rd7+ Kf6 52.Bg8 h5 53.h4 Rc2+ 54.Kf3 d2 55.Ke2 Nxa2 56.Kd1 Rb2 57.Rd3 Nc3+
58.Rxc3 a2 59.Bxa2 Rxa2 60.Rc6+ Kf7 61.Rh6 Ra4  1/2-1/2

[Event "Wichern op 5th"]
[Site "Hamburg"]
[Date "1999.10.17"]
[Round "3"]
[White "Leer Salvesen, Bjarte"]
[Black "Montavon, Gerard"]
[Result "0-1"]
[WhiteElo "2261"]
[BlackElo "2071"]

1.c4 e5 2.g3 c6 3.Nf3 e4 4.Nd4 d5 5.cxd5 cxd5 6.Nc3 Bc5 7.Nb3 Bb6 8.d3 Nf6
9.Bg2 Bf5 10.O-O Nbd7 11.Nxd5 exd3 12.Nxb6 Nxb6 13.exd3 O-O 14.d4 Nbd5 15.Bg5 Qb6
16.Re1 Rfe8 17.Re5 Be4 18.Bxf6 Nxf6 19.Qe2 Bxg2 20.Kxg2 h5 21.Re1 a5 22.Qc4 Rxe5
23.dxe5 Ng4 24.Qc5 Qd8 25.h3 a4 26.Nd4 Ra5 27.Qd6 Qxd6 28.exd6 Nf6 29.Re8+ Nxe8
30.d7 Ra8 31.dxe8=Q+ Rxe8 32.Kf3 Re1 33.b3 Ra1  0-1

[Event "Wichern op 5th"]
[Site "Hamburg"]
[Date "1999.10.19"]
[Round "6"]
[White "Willim, Michael"]
[Black "Hermesmann, Hans"]
[Result "0-1"]
[WhiteElo "2130"]
[BlackElo "2271"]

1.c4 e5 2.g3 Nc6 3.Bg2 g6 4.Nc3 Bg7 5.Rb1 a5 6.a3 Nf6 7.Nf3 d6 8.d3 O-O 9.O-O h6
10.b4 axb4 11.axb4 Be6 12.b5 Ne7 13.Nd2 Rb8 14.Ra1 Qd7 15.Re1 Bh3 16.Bh1 Ng4
17.Ra7 e4 18.Ra3 e3 19.fxe3 Nxe3 20.Qb3 N7f5 21.Nd5 Nd4 22.Qa2 Nec2 23.Ne4 Kh8
24.e3 Nxe1 25.exd4 Qf5 26.Ne3 Qh5 27.Qf2 f5 28.Nd2 f4 29.gxf4 Bxd4 30.Nb3 Nxd3
31.Bf3 Nxf2 32.Bxh5 gxh5 33.Nxd4 Rxf4 34.Nef5 Rg8+ 35.Rg3 Rfg4 36.Kxf2 Rxg3
37.Nxg3 h4 38.Nge2 Rg2+ 39.Kf3 Rxh2 40.Bxh6 Bg2+ 41.Kg4 Bf1 42.Kf3 b6 43.Bg5 h3
44.Nf4 Ra2 45.Nxh3 Bxh3 46.Bd8 Ra7 47.Nc6 Rb7 48.Ke3 Be6 49.Kd4 Kg8 50.Nb4 Kf7
51.Na6 Ke8 52.Bxc7 Ke7 53.Kc3 Bh3 54.Kd4 Bg2 55.Kc3 Kd7 56.Bb8 Bf1 57.Kd4 Be2
58.Kd5 Bf3+ 59.Kd4 Bg2 60.Kc3 Ke6 61.Kd4 Rg7 62.Bc7 Rg4+ 63.Kc3 Bf1 64.Bxb6 Rxc4+
65.Kb3 Rg4 66.Bf2 Kd7 67.Kc3 Bxb5 68.Nb4 Rc4+ 69.Kb3 Rf4 70.Bg1 d5 71.Kc3 Rc4+
72.Kb3 Rg4 73.Bf2 Ke6 74.Ka3 Rf4 75.Bc5 d4 76.Kb2 Rf2+ 77.Kc1 Ke5 78.Nc2 Rf1+
79.Kd2 d3 80.Nb4 Ke4 81.Na2 Kd5 82.Be3 Bc4 83.Nc3+ Ke5 84.Na4 Rh1 85.Nc5 Rh2+
86.Kc3 Rc2+ 87.Kb4 Kd5 88.Na4 Ke4 89.Bg5 Bg8 90.Nc5+ Kf5 91.Bh6 d2  0-1

[Event "Wichern op 5th"]
[Site "Hamburg"]
[Date "1999.10.21"]
[Round "8"]
[White "Matamoros Franco, Carlos S"]
[Black "Volzhin, Alexander"]
[Result "1/2-1/2"]
[WhiteElo "2462"]
[BlackElo "2569"]

1.c4 e5 2.g3 Nf6 3.Bg2 d5 4.cxd5 Nxd5 5.Nf3 Nc6 6.O-O Nb6 7.d3 Be7 8.Nbd2 O-O
9.a3 a5 10.b3 Be6 11.Bb2 f6 12.Qc2 Qd7 13.e3 Rfd8 14.d4 exd4 15.Nxd4 Nxd4
16.Bxd4 c5 17.Bxc5 Rac8 18.b4 axb4 19.axb4 Nd5 20.Qd3 Nxb4 21.Bxb4 Bxb4 22.Qxd7 Rxd7  1/2-1/2

[Event "Wch U18"]
[Site "Oropesa del Mar"]
[Date "1999.10.24"]
[Round "1"]
[White "Dooley, Michael"]
[Black "Fressinet, Laurent"]
[Result "1/2-1/2"]
[WhiteElo "2214"]
[BlackElo "2440"]

1.c4 e5 2.g3 Nc6 3.Bg2 f5 4.Nc3 Nf6 5.a3 g6 6.d3 Bg7 7.e4 d6 8.Nge2 O-O 9.O-O Be6
10.exf5 Bxf5 11.h3 Qd7 12.g4 Be6 13.Ng3 h5 14.gxh5 gxh5 15.Nxh5 Bxh3 16.Ng3 Nd4
17.Be3 Bxg2 18.Kxg2 Nf5 19.Bg5 c6 20.Nce4 Nxg3 21.fxg3 Ng4 22.Qe2 d5 23.Nc5 Qc8
24.Nxb7 Qxb7 25.Qxg4 Qxb2+ 26.Kh3 Rf2 27.Qe6+ Kh8 28.Rxf2 Qxf2 29.Rh1 Qf3
30.Kh2 Qf2+ 31.Kh3 Qf3  1/2-1/2

[Event "Wch U18"]
[Site "Oropesa del Mar"]
[Date "1999.10.31"]
[Round "7"]
[White "Stryjecki, Marek"]
[Black "Fressinet, Laurent"]
[Result "1/2-1/2"]
[WhiteElo "2448"]
[BlackElo "2440"]

1.g3 e5 2.c4 c6 3.d4 Bb4+ 4.Bd2 Bxd2+ 5.Qxd2 d6 6.Nc3 Nf6 7.Bg2 O-O 8.e4 Nbd7
9.Nge2 a6 10.d5 cxd5 11.cxd5 b5 12.O-O b4 13.Na4  1/2-1/2

[Event "Chigorin mem"]
[Site "St Petersburg"]
[Date "1999.11.07"]
[Round "6"]
[White "Driamin, Dmitrij"]
[Black "Faibisovich, Vadim Z"]
[Result "1-0"]
[WhiteElo "2237"]
[BlackElo "2400"]

1.c4 e5 2.g3 Nf6 3.Bg2 d5 4.cxd5 Nxd5 5.Nc3 Nb6 6.Nf3 Nc6 7.O-O Be7 8.a3 O-O
9.b4 a6 10.d3 Re8 11.Bb2 Bf8 12.Rc1 Bg4 13.Ne4 Nd4 14.Nxd4 exd4 15.h3 Bc8
16.Nc5 c6 17.Nb3 Na4 18.Bxd4 a5 19.bxa5 Qe7 20.Be3 Qxa3 21.Qc2 Qb4 22.Bd2 Qd6
23.Ra1 Nc5 24.Bb4 Nxb3 25.Bxd6 Nxa1 26.Rxa1 Bxd6 27.Bxc6 bxc6 28.Qxc6 Bxh3
29.Qxd6 Rxe2 30.a6 Bg4 31.Kg2 Re6 32.Qf4 h5 33.a7 Ree8 34.d4 Be6 35.Ra5 g6
36.d5 Bf5 37.d6 Bd7 38.Qd4 Bc6+ 39.f3 Re2+ 40.Kf1 Ree8 41.Kf2 Rad8 42.Re5 Rf8
43.Re7 Ba8 44.Qf6 Bd5 45.g4 hxg4 46.fxg4 Rc8 47.Rc7 Rce8 48.d7  1-0

[Event "Chigorin mem"]
[Site "St Petersburg"]
[Date "1999.11.08"]
[Round "7"]
[White "Sorokin, Maxim"]
[Black "Makarov, Marat"]
[Result "1/2-1/2"]
[WhiteElo "2574"]
[BlackElo "2527"]

1.c4 e5 2.g3 Nf6 3.Bg2 d5 4.cxd5 Nxd5 5.Nf3 Nc6 6.O-O Nb6 7.b3 Be7 8.Bb2 f6
9.d4 exd4 10.Nxd4 Nxd4 11.Bxd4 c6 12.Nc3 Be6 13.Qd3 O-O 14.Rad1 Qc7 15.Qe4 Bf7
16.Bh3 Rfd8 17.Bf5 g6 18.Be6 f5 19.Bxb6 Qxb6 20.Qc4 Bxe6 21.Qxe6+ Kf8 22.Na4 Qc7
23.Nb2 Bg5 24.h4 Qe7 25.Qxe7+  1/2-1/2

[Event "Chigorin mem"]
[Site "St Petersburg"]
[Date "1999.11.08"]
[Round "7"]
[White "Gabdushev, Ruslan"]
[Black "Sepman, Yelius"]
[Result "0-1"]
[WhiteElo "2375"]
[BlackElo "2225"]

1.c4 e5 2.g3 Nc6 3.Bg2 d6 4.Nc3 g6 5.d3 Bg7 6.e3 f5 7.Nge2 Nf6 8.Rb1 a5 9.a3 O-O
10.O-O Be6 11.Nd5 Rb8 12.Bd2 Qd7 13.Qc2 Kh8 14.Rbc1 g5 15.f4 gxf4 16.exf4 Rbe8
17.b4 axb4 18.axb4 Qf7 19.Nxf6 Bxf6 20.b5 Nd8 21.Bb4 Rg8 22.Nc3 exf4 23.Rxf4 Be5
24.Ne2 Bc8 25.Bc3 Ne6 26.Rh4 Rg4 27.Rxg4 fxg4 28.d4 Bg7 29.Rf1 Qe7 30.d5 Ng5
31.Bxg7+ Qxg7 32.Nf4 Qe5 33.Nd3 Qe3+ 34.Qf2 Kg7 35.Kh1 Qxf2 36.Rxf2 Re3 37.Bf1 Nf3
38.b6 cxb6 39.Nf4 Bf5 40.Rb2 Be4 41.Ng2 Rc3 42.Re2 Rc1 43.Rf2 Ne1 44.Re2 Bxg2+
45.Bxg2 Nf3+ 46.Bf1 Rxf1+ 47.Kg2 Re1 48.Rb2 Ne5  0-1

[Event "7th Young Masters"]
[Site "Loures POR"]
[Date "1999.11.27"]
[Round "5"]
[White "Teran Alvarez,I"]
[Black "Vassallo,M"]
[Result "1/2-1/2"]
[WhiteElo "2419"]
[BlackElo "2391"]

1.c4 e5 2.g3 Nc6 3.Bg2 g6 4.Nc3 Bg7 5.d3 d6 6.e3 Be6 7.Rb1 a5 8.a3 Nf6 9.Nd5 O-O
10.Ne2 Qd7 11.O-O Bh3  1/2-1/2

[Event "ch-ARG Najdorf mem"]
[Site "Buenos Aires ARG"]
[Date "1999.12.02"]
[Round "11"]
[White "Spangenberg,H"]
[Black "Slipak,S"]
[Result "1/2-1/2"]
[WhiteElo "2531"]
[BlackElo "2521"]

1.c4 e5 2.g3 Nc6 3.Bg2 g6 4.Nc3 Bg7 5.Rb1 a5 6.e3 d6 7.Nge2 Nge7 8.d3 O-O
9.O-O Be6 10.Nd5 Qd7 11.Nec3 Nd8 12.Qa4 Nxd5 13.Qxd7 Bxd7 14.Nxd5 Ne6 15.Ne7+ Kh8
16.Bxb7 Rae8 17.Nc6 Nc5 18.Nxa5 Nxb7 19.Nxb7 Ra8 20.Bd2 Rxa2 21.Bc3 Rfa8
22.Na5 d5 23.Nb3 dxc4 24.dxc4 Bf5 25.Ra1 Bd3 26.Rxa2 Rxa2 27.Rd1 e4 28.Nd4 h5
29.c5 Kh7 30.h3 Ra4 31.Rc1 Kg8 32.Kg2 Kf8 33.g4 h4 34.Nb3 Bxc3 35.Rxc3 Rb4
36.Nc1 Rxb2 37.Nxd3 exd3 38.Rxd3 Rc2 39.Rd5 Ke7 40.g5 Ke6 41.e4 Rc3 42.f4 Re3
43.Re5+ Kd7 44.f5 gxf5 45.Rxf5 Ke6 46.Rf6+  1/2-1/2

[Event "Open"]
[Site "Las Palmas ESP"]
[Date "1999.12.06"]
[Round "6"]
[White "Rodriguez Gonzalez,B"]
[Black "Ortega Izquierdo,A"]
[Result "1-0"]
[WhiteElo "2203"]
[BlackElo "2365"]

1.c4 e5 2.g3 d6 3.Bg2 f5 4.Nc3 Nf6 5.d3 c6 6.Rb1 a5 7.a3 Be7 8.Nf3 O-O 9.O-O Kh8
10.c5 Be6 11.cxd6 Bxd6 12.b4 axb4 13.axb4 Nd5 14.Nxd5 Bxd5 15.b5 Nd7 16.bxc6 bxc6
17.Nd2 Bxg2 18.Kxg2 Nf6 19.Qc2 Rc8 20.Nc4 Bc7 21.Bg5 Qd4 22.Kg1 f4 23.Bxf6 Rxf6
24.Nd2 fxg3 25.hxg3 Rh6 26.Nf3 e4 27.dxe4  1-0

[Event "Eu Team Ch"]
[Site "Batumi GEO"]
[Date "1999.12.07"]
[Round "8"]
[White "Conquest,S"]
[Black "Avrukh,B"]
[Result "0-1"]
[WhiteElo "2555"]
[BlackElo "2588"]

1.c4 e5 2.g3 Nf6 3.Bg2 c6 4.d4 Bb4+ 5.Bd2 Bxd2+ 6.Qxd2 d6 7.Nc3 O-O 8.e4 Nbd7
9.Nge2 a6 10.d5 cxd5 11.cxd5 b5 12.O-O b4 13.Na4 a5 14.a3 Rb8 15.Rfe1 Ba6
16.Nc1 bxa3 17.Rxa3 Rb4 18.Qc2 Qb8 19.Na2 Rd4 20.N2c3 Bd3 21.Qc1 Rc8 22.Qe3 Bc2
23.Qe2 Bd3 24.Qe3 Rcc4 25.f3 Bc2 26.Rea1 h6 27.Bf1 Rb4 28.Kh1 Ne8 29.Be2 Nc7
30.Kg2 Qb7 31.h4 f5 32.Qc1 Bb3 33.exf5 Nf6 34.Kh2 Ncxd5 35.Nxd5 Bxd5 36.Qe3 Bc4
37.Bxc4+ Rdxc4 38.Kg1 Qc6 39.Nc3 Rxb2 40.Nd1 Rbc2 41.Rxa5 Rg4  0-1

[Event "Open"]
[Site "Las Palmas ESP"]
[Date "1999.12.07"]
[Round "7"]
[White "Matamoros Franco,C"]
[Black "Stefansson,H"]
[Result "1-0"]
[WhiteElo "2462"]
[BlackElo "2584"]

1.c4 e5 2.g3 Nf6 3.Bg2 d5 4.cxd5 Nxd5 5.Nf3 Nc6 6.O-O Nb6 7.d3 Be7 8.Nbd2 O-O
9.a3 f5 10.b4 Bd6 11.b5 Nb8 12.Bb2 Qe8 13.a4 a5 14.bxa6 Rxa6 15.a5 N6d7 16.Nc4 Nc6
17.e4 f4 18.d4 exd4 19.Nxd4 Nde5 20.Nxd6 cxd6 21.Nf5 fxg3 22.hxg3 Bxf5 23.exf5 Rxf5
24.Re1 Qb8 25.Be4 Rf8 26.Kg2 Ne7 27.Qb3+ Kh8 28.Qxb7 Ra7 29.Qxb8 Rxb8 30.Bd4 Ra6
31.Bxe5 dxe5 32.Bd3 Rd6 33.Bf1 Nc6 34.a6 Ra8 35.Reb1 h6 36.Rb6 Rf6 37.Rab1 Raf8
38.R1b2 e4 39.Bb5 Na7 40.Rxf6 gxf6 41.Bf1 Rf7 42.Rb7 Kg7 43.Bc4 Rxb7 44.axb7  1-0

[Event "ch-ROM"]
[Site "Lasi ROM"]
[Date "1999.12.16"]
[Round "4"]
[White "Marin,M"]
[Black "Nanu,C"]
[Result "1-0"]
[WhiteElo "2548"]
[BlackElo "2397"]

1.c4 e5 2.g3 Nc6 3.Nc3 d6 4.Bg2 f5 5.d3 Nf6 6.Rb1 a5 7.e3 g6 8.Nge2 Bg7 9.O-O Be6
10.b3 d5 11.d4 e4 12.Nf4 Bf7 13.f3 Ne7 14.cxd5 Nexd5 15.Nfxd5 Nxd5 16.Nxd5 Bxd5
17.fxe4 fxe4 18.Bh3 Qe7 19.Qg4 b5 20.Bd2 Rf8 21.Rbc1 Rxf1+ 22.Bxf1 c6 23.Rc5 Qb7
24.a4 bxa4 25.bxa4 Qb3 26.Qf4 Qxa4 27.Qc7 Bxd4 28.Rxd5 cxd5 29.Qb7 Qa2 30.Qxa8+  1-0

[Event "Vikings GMB"]
[Site "York ENG"]
[Date "1999.12.16"]
[Round "4"]
[White "Quinn,M"]
[Black "Seul,G"]
[Result "1-0"]
[WhiteElo "2377"]
[BlackElo "2445"]

1.c4 e5 2.g3 Nc6 3.Nc3 g6 4.Bg2 Bg7 5.e3 f5 6.d3 Nf6 7.Nge2 O-O 8.O-O d6
9.Rb1 Be6 10.Nd5 Bf7 11.f4 Qd7 12.Qa4 Kh8 13.Nec3 a6 14.Nxf6 Bxf6 15.Nd5 Bg7
16.Bd2 Be6 17.b4 Rae8 18.Qc2 Nd8 19.a4 c6 20.Nb6 Qc7 21.a5 Nf7 22.Kh1 g5
23.Bc3 gxf4 24.exf4 Nh6 25.Rbe1 Bg8 26.Qb2 exf4 27.gxf4 Ng4 28.Rxe8 Rxe8
29.b5 d5 30.cxd5 cxd5 31.Nxd5 Bxd5 32.Bxg7+ Qxg7 33.Qxg7+ Kxg7 34.Bxd5 Re2
35.Bxb7 axb5 36.Ra1 b4 37.a6 b3 38.a7  1-0